000 00540nam a22001937a 4500
005 20251108175552.0
008 250721s2014 xx 000 0 ara d
082 1 4 _a920.72/يوس
100 1 _aيوسفزاي، ملالا
245 1 0 _aأنا ملا لا /
264 1 _aبيروت :
_bالمركز الثقافي العربي،
_c2014.
300 _a416ص.
650 1 7 _aالتراجم
650 1 7 _aالمراه
650 1 7 _aالباكستان
700 1 _aلامب، كريسنينا
942 _2ddc
_cBK
999 _c137181
_d137181